000 00245nam a2200109Ia 4500
999 _c8006
_d8006
020 _a978-1861001207
100 _aGrimes, Richard
245 0 _aBeginning ATL 3 COM Programming
260 _aIndia
_bMcGraw Hill
_c2000
300 _a724
942 _cBK